00544nam a2200193 a 450000100060000000300080000600500170001400800410003103500200007204000320009204100080012408200240013210000320015624500530018826000320024130000250027350400390029865000130033753603BD-RJUL20211209080005.0161018s1961 enk 001 0 eng c a(BD-RJUL) 53725 aWSUcWSUdUKMdBD-RJULbeng aeng a306.6223bNOR 19611 aNorbeck, Edward,d1915-199110aReligion in primitive society /cEdward Norbeck. aNew York :bHarper,cc1961. axi, 318 p. ;c21 cm. aIncludes bibliography and indexes. 0aReligion